Baseball Retired Numbers Boston Red Sox - Statistics

General Stats
  • This quiz has been taken 113 times
  • The average score is 8 of 11
Answer Stats
# Player % Correct
34 David Ortiz
92%
9 Ted Williams
88%
42 Jackie Robinson
87%
45 Pedro Martínez
84%
8 Carl Yastrzemski
80%
14 Jim Rice
73%
27 Carlton Fisk
70%
26 Wade Boggs
68%
1 Bobby Doerr
53%
6 Johnny Pesky
51%
4 Joe Cronin
30%
No matching quizzes found
Score Distribution
Percent of People with Each Score
Percentile by Number Answered
Your Score History
You have not taken this quiz